| 000 | 01293 a2200217 4500 | ||
|---|---|---|---|
| 001 | 47935 | ||
| 005 | 20260407155745.0 | ||
| 008 | 260407a1966 arg spa d | ||
| 003 | AR-UNSa-BCEJYS | ||
| 040 |
_aAR-UNSa-BCEJYS _bspa _cAR-UNSa-BCEJYS |
||
| 080 |
_a338.5.01 _xTeorías de los precios |
||
| 245 | 1 | 0 | _aTeoría de los Precios |
| 264 | 1 |
_aMadrid : _bAlianza Editorial _c1966 |
|
| 300 |
_a363 p. _c24 cm. |
||
| 505 | _a1. Introducción - 2. La teoría de la demanda - 3. Los efectos de los impulsos sobre el "bienestar" - 4. El análisis de la incertidumbre basado en la utilidad - 5. Las relaciones entre curvas de oferta y curvas de costes - 6. La Ley de las proporciones variables y las curvas de costes de una empresa - 7. La demanda derivada - 8. La teoría de la distribución proporciones fijas - 9. La teoría de la productividad marginal y la demanda de los factores de producción - 10. El análisis de la productividad marginal: algunas cuestiones generales - 11. La oferta de factores de producción - 12. La distribución cuantitativa de la renta - 13. La teoría del capital y el tipo de interés. | ||
| 942 | _cBK | ||
| 590 | _aniveau_biblio:m niveau_hierar:0 | ||
| 100 | 1 | _aVergara, José | |
| 700 | 1 | _aFriedman, Milton | |
| 700 | 1 | _aSan Román, José Vergara L. de | |
| 999 |
_c4502 _d4502 |
||